| 000 | 01368nam a2200361Ia 4500 | ||
|---|---|---|---|
| 001 | ebr10149962 | ||
| 003 | CaPaEBR | ||
| 006 | m u | ||
| 007 | cr cn||||||||| | ||
| 008 | 021001s2003 caua s 001 0 eng d | ||
| 010 | _z 2002113841 | ||
| 020 | _z9780782141610 | ||
| 020 | _z9780782151770 | ||
| 020 | _z0782141617 (pbk.) | ||
| 040 |
_aCaPaEBR _cCaPaEBR |
||
| 035 | _a(OCoLC)62942660 | ||
| 050 | 1 | 4 |
_aQA76.3 _bR457 2003eb |
| 082 | 0 | 4 |
_a005.2/768 _222 |
| 100 | 1 | _aReisman, Brian. | |
| 245 | 1 | 0 |
_aMCAD/MCSD _h[electronic resource] : _bVisual Basic .NET Windows and web applications study guide / _cBrian Reisman and Mitch Ruebush. |
| 260 |
_aSan Francisco : _bSybex, _c2003. |
||
| 300 |
_axlvi, 848 p. : _bill. |
||
| 500 | _aIncludes index. | ||
| 533 |
_aElectronic reproduction. _bPalo Alto, Calif. : _cebrary, _d2009. _nAvailable via World Wide Web. _nAccess may be limited to ebrary affiliated libraries. |
||
| 630 | 0 | 0 | _aMicrosoft Visual BASIC. |
| 650 | 0 |
_aElectronic data processing personnel _xCertification. |
|
| 650 | 0 |
_aMicrosoft software _xExaminations _vStudy guides. |
|
| 650 | 0 | _aMicrosoft .NET. | |
| 655 | 7 |
_aElectronic books. _2local |
|
| 700 | 1 | _aRuebush, Mitch. | |
| 710 | 2 | _aebrary, Inc. | |
| 856 | 4 | 0 |
_uhttp://site.ebrary.com/lib/rucke/Doc?id=10149962 _zAn electronic book accessible through the World Wide Web; click to view |
| 999 |
_c94535 _d94535 |
||